| Tag |
First Indicator |
Second Indicator |
Subfields |
| LEADER |
00000cam a2200000Ii 4500 |
| 001 |
in00004535821 |
| 005 |
20220204224224.5 |
| 006 |
m o d |
| 007 |
cr cn|||||n||| |
| 008 |
210827s2022 paua ob 000 0 eng d |
| 019 |
|
|
|a 1268951202
|
| 020 |
|
|
|a 9780702079641
|q (electronic bk.)
|
| 020 |
|
|
|a 0702079642
|q (electronic bk.)
|
| 020 |
|
|
|z 9780702079634
|q (print)
|
| 020 |
|
|
|z 0702079634
|q (print)
|
| 029 |
1 |
|
|a AU@
|b 000069933833
|
| 029 |
1 |
|
|a UKMGB
|b 020292200
|
| 035 |
|
|
|a (OCoLC)on1265401939
|
| 035 |
|
|
|a (OCoLC)1265401939
|z (OCoLC)1268951202
|
| 037 |
|
|
|a 9780702079641
|b Ingram Content Group
|
| 040 |
|
|
|a OPELS
|b eng
|e rda
|e pn
|c OPELS
|d OCLCO
|d N$T
|d INM
|d OCLCO
|d OCLCF
|d USU
|d UKMGB
|d OCLCO
|
| 060 |
|
4 |
|a WS 260
|b C67 2022eb
|
| 100 |
1 |
|
|a Cohen, Bernard,
|d 1951-
|e author.
|
| 245 |
1 |
0 |
|a Pediatric dermatology /
|c Bernard A. Cohen.
|
| 250 |
|
|
|a Fifth edition.
|
| 264 |
|
1 |
|a Philadelphia :
|b Elsevier,
|c [2022]
|
| 264 |
|
4 |
|c ©2022
|
| 300 |
|
|
|a 1 online resource :
|b illustrations (chiefly color)
|
| 336 |
|
|
|a text
|b txt
|2 rdacontent
|
| 337 |
|
|
|a computer
|b c
|2 rdamedia
|
| 338 |
|
|
|a online resource
|b cr
|2 rdacarrier
|
| 504 |
|
|
|a Includes bibliographical references.
|
| 588 |
0 |
|
|a Online resource; title from table of contents page (Elsevier ClinicalKey, viewed October 1, 2021).
|
| 650 |
|
0 |
|a Pediatric dermatology.
|
| 650 |
|
2 |
|a Skin Diseases.
|
| 650 |
|
2 |
|a Skin Manifestations.
|
| 650 |
|
2 |
|a Infant.
|
| 650 |
|
2 |
|a Child.
|
| 655 |
|
2 |
|a Atlas.
|
| 710 |
2 |
|
|a Elsevier Science (Firm)
|
| 730 |
0 |
|
|a ClinicalKey.
|
| 856 |
4 |
0 |
|u http://proxy.library.tamu.edu/login?url=https://www.clinicalkey.com/dura/browse/bookChapter/3-s2.0-C20180021246
|z Connect to the full text of this electronic book.
|t 0
|
| 948 |
|
|
|h NO HOLDINGS IN TMV - 200 OTHER HOLDINGS
|
| 994 |
|
|
|a Z0
|b TMV
|
| 999 |
f |
f |
|s 13df137d-4303-3177-8287-768d38a88def
|i 58fee55e-2858-3194-b348-e380879e04f5
|t 0
|
| 952 |
f |
f |
|a Texas A&M University
|b College Station
|c Electronic Resources
|d Available Online
|t 0
|e WS 260 C67 2022eb
|h National Library of Medicine classification
|
| 998 |
f |
f |
|a WS 260 C67 2022eb
|t 0
|l Available Online
|